000 00624nam a2200241Ia 4500
001 623
005 20240113233422.0
007 ta
008 050120s1948 a g b000 u eng u
020 _cHB
040 _aCotton College,Assam
041 _aeng
082 _a824.08
_bSt 82 L
100 _aStrachey, Lytton .
245 0 _aLiterary Essays /
_cLytton Strachey.
_hTextual Documents
250 _a1st ed. /
260 _aLondon :
_bChatto & Windus ,
_c1948.
300 _a295p. :
_bill ;
_c18cm. .
653 _aEnglish essays-Collections
942 _2ddc
_cBK
999 _c621
_d621